Indogermanische Eigennamen als Spiegel der Kulturgeschichte / (Record no. 171819)
[ view plain ]
| 000 -LEADER | |
|---|---|
| campo de control de longitud fija | 00646nam a22001935i 4500 |
| 001 - NÚMERO DE CONTROL | |
| campo de control | 171819 |
| 003 - IDENTIFICADOR DE NÚMERO DE CONTROL | |
| campo de control | ES-MaACL |
| 005 - FECHA Y HORA DE LA ÚLTIMA TRANSACCIÓN | |
| campo de control | 20230906214735.0 |
| 008 - DATOS DE LONGITUD FIJA--INFORMACIÓN GENERAL | |
| campo de control de longitud fija | 090602s1922 ger |||| | deu d |
| 100 1# - ENTRADA PRINCIPAL--NOMBRE DE PERSONA | |
| Nombre de persona | Solmsen, Felix. |
| 9 (RLIN) | 140433 |
| 245 10 - MENCIÓN DEL TÍTULO | |
| Título | Indogermanische Eigennamen als Spiegel der Kulturgeschichte / |
| Mención de responsabilidad, etc. | von Felix Solmsen ; Hrsg. u. bearb. von Ernst Fraenkel. |
| 260 ## - PUBLICACIÓN, DISTRIBUCIÓN, ETC. | |
| Lugar de publicación, distribución, etc. | Heidelberg : |
| Nombre del editor, distribuidor, etc. | Carl Winter's, |
| Fecha de publicación, distribución, etc. | 1922. |
| 300 ## - DESCRIPCIÓN FÍSICA | |
| Extensión | XII, 262 p. ; |
| Dimensiones | 19 cm. |
| 490 1# - MENCIÓN DE SERIE | |
| Mención de serie | Indogermanische Bibliothek |
| 700 1# - ENTRADA AGREGADA--NOMBRE PERSONAL | |
| Nombre de persona | Fraenkel, Ernst. |
| 9 (RLIN) | 140434 |
| 830 0# - PUNTO DE ACCESO ADICIONAL DE SERIE-TÍTULO UNIFORME | |
| Título uniforme | Indogermanische Bibliothek |
| 9 (RLIN) | 223218 |
| 852 ## - LOCALIZACIÓN | |
| Ubicación | ES-MaACL |
| Número de control de estantería | B-11931 |
| Estatus retirado | Estado de pérdida | Estado de daño | No para préstamo | Biblioteca de origen | Biblioteca actual | Ubicación en estantería | Fecha de adquisición | Fuente de adquisición | Total de préstamos | Signatura topográfica completa | Código de barras | Visto por última vez | Precio de reemplazo | Tipo de ítem Koha |
|---|---|---|---|---|---|---|---|---|---|---|---|---|---|---|
| Biblioteca del Ateneo de Madrid | Biblioteca del Ateneo de Madrid | Sala Pardo Bazán | 02/06/2009 | B-11931 | 1180320 | 23/02/2023 | 23/02/2023 | Libro impreso |
